[Event "VIE-ch (Women)"]
[Site "Vung Tau"]
[Date "2023.03.05"]
[Round "5"]
[White "Nguyen, Hoang Bao Tram"]
[Black "Tong, Thai Hoang An"]
[Result "0-1"]
[WhiteElo "1997"]
[BlackElo "1379"]
[PlyCount "52"]
[EventDate "2023.03.03"]
[EventType "swiss"]
[EventRounds "9"]
[EventCountry "VIE"]
[SourceTitle "EXT 2024"]
[Source "ChessBase"]
[SourceDate "2023.10.10"]
[SourceVersion "1"]
[SourceVersionDate "2023.10.10"]
[SourceQuality "1"]

1. d4 d5 2. c4 e6 3. Nc3 c6 4. Bf4 dxc4 5. a4 Nf6 6. e3 b5 7. axb5 cxb5 8. Bg5 Bb4 9. Qf3 Qd5 10. Bxf6 Qxf3 11. Nxf3 gxf6 12. g3 Bb7 13. Bg2 Nd7 14. 0-0 a6 15. Nh4 Bxg2 16. Nxg2 Ke7 17. Rad1 Nb6 18. f4 Bxc3 19. bxc3 Nd5 20. Rf3 Nxc3 21. Rc1 b4 22. f5 a5 23. e4 a4 24. e5 fxe5 25. dxe5 Rhd8 26. f6+ Ke8 0-1